000 00318nam a2200121Ia 4500
008 190415s9999 xx 000 0 und d
082 _aRL.0005
100 _aLateef Shahida
245 0 _aStatus and role of women in a minority community : The case of muslims in India
260 _c0
300 _a377p.
942 _cBK
999 _c20777
_d20777